Fictional Places A-Z - Statistics

General Stats
  • This quiz has been taken 30 times
  • The average score is 13 of 26
Answer Stats
Hint Answer % Correct
G) Bruce Wayne protects this city as Batman Gotham City
100%
K) Superman hails from here Krypton
92%
A) The Norse home of the Gods Asgard
88%
B) Home of Spongebob Squarepants Bikini Bottom
88%
N) land ruled by a talking lion king named Aslan Narnia
88%
E) Capital of the Land of Oz Emerald City
73%
D) Maine town terrorized by Pennywisethe clown in IT Derry
69%
U) The name for Thomas Mores perfect society Utopia
69%
T) Anakin Skywalker hails from this desert planet Tatooine
65%
Z) Judy Hopps is a police officer in this city Zootopia
65%
W) The Grinch lives atop a mountain overlookingthis snowy town Whoville
62%
Q) Family Guy home town in Rhode Island Quahog
58%
V) Spock hails from this planet Vulcan
58%
M) The land of the humans in Norse mythology Midgard
50%
X) Citizen Kanes estate was here Xanadu
46%
J) In Norse mythology, it is home to thefrost giants and also Loki's homeland Jotunheim
38%
F) Prince Zuko hailed from this land inhis trek to capture Avatar Aang Fire Nation
35%
R) Lightning McQueen has an unexpected pitstopin this forgotten desert town Radiator Springs
35%
Y) This sacred tree connects the Nine Realms inNorse mythology Yggdrasil
35%
P) Hometown of Ash Ketchum in Pokemon Pallet Town
23%
C) Barry Allen, aka the Flash, calledthis city home Central City
19%
O) Fortified city in Avatar ruled by Aangs oldfriend King Bumi Omashu
19%
L) Home to the Pokemon tower, haunted by the spirits of restless pokemon Lavender Town
12%
S) Oliver Queen protects this city as the GreenArrow Starling City
8%
H) Hometown of Michael Myers and his murderous rampage Haddonfield
4%
I) Capital city of the Autobots Iacon
4%
No matching quizzes found
Score Distribution
Percent of People with Each Score
Percentile by Number Answered
Your Score History
You have not taken this quiz